Повышение ресурса трибосопряжений активированными методами инженерии поверхности

Бібліографічні деталі
Співавтор: Национальная академия наук Беларуси (НАНБ, НАН Беларуси) Объединенный институт машиностроения (ОИМ)
Інші автори: Витязь П. А. Петр Александрович, Жорник В. И. Виктор Иванович, Белоцерковский М. А. Марат Артемович, Леванцевич М. А. Михаил Александрович
Резюме:В монографии обобщены результаты теоретических и экспериментальных исследований, направленных на разработку технологий повышения долговечности элементов трибосопряжений активированными методами инженерии поверхности. Рассмотрены методы повышения износостойкости поверхностей трения, основанные на применении активированных методов нанесения покрытий и модифицирования поверхностных слоев газопламенным напылением, электрохимическим осаждением, фрикционным плакированием и трибомеханической обработкой. Изложены научно-технологические основы активирования процесса газопламенного напыления покрытий спутными газовыми потоками и наложением акустических колебаний. Раскрыт механизм активирующего влияния наноразмерных алмазно-графитовых добавок на процессы структурообразования покрытий и поверхностных слоев. Изложены практические рекомендации по использованию полученных результатов для повышения ресурса узлов трения мобильных машин и технологического оборудования.
Мова:Російська
Опубліковано: Минск, Беларуская навука, 2012
Предмети:
Формат: MixedMaterials Книга
KOHA link:https://koha.lib.tpu.ru/cgi-bin/koha/opac-detail.pl?biblionumber=253567

MARC

LEADER 00000nam0a2200000 4500
001 253567
005 20231101232845.0
010 |a 9789850814739 
035 |a (RuTPU)RU\TPU\book\275963 
090 |a 253567 
100 |a 20140314d2012 k y0rusy50 ca 
101 0 |a rus 
102 |a BY 
105 |a a z 001zy 
200 1 |a Повышение ресурса трибосопряжений активированными методами инженерии поверхности  |f П. А. Витязь [и др.]  |g Национальная академия наук Беларуси (НАНБ, НАН Беларуси), Объединенный институт машиностроения (ОИМ) 
210 |a Минск  |c Беларуская навука  |d 2012 
215 |a 452 с.  |c ил. 
320 |a Библиогр.: с. 410-448. 
330 |a В монографии обобщены результаты теоретических и экспериментальных исследований, направленных на разработку технологий повышения долговечности элементов трибосопряжений активированными методами инженерии поверхности. Рассмотрены методы повышения износостойкости поверхностей трения, основанные на применении активированных методов нанесения покрытий и модифицирования поверхностных слоев газопламенным напылением, электрохимическим осаждением, фрикционным плакированием и трибомеханической обработкой. Изложены научно-технологические основы активирования процесса газопламенного напыления покрытий спутными газовыми потоками и наложением акустических колебаний. Раскрыт механизм активирующего влияния наноразмерных алмазно-графитовых добавок на процессы структурообразования покрытий и поверхностных слоев. Изложены практические рекомендации по использованию полученных результатов для повышения ресурса узлов трения мобильных машин и технологического оборудования. 
606 1 |a Газопламенное напыление  |2 stltpush  |3 (RuTPU)RU\TPU\subj\5014  |9 33186 
606 1 |a Трибологические системы  |x Трение  |2 stltpush  |3 (RuTPU)RU\TPU\subj\72917  |9 86267 
610 1 |a покрытия 
610 1 |a поверхностная обработка 
610 1 |a активирование 
610 1 |a трибосопряжения 
610 1 |a восстановление 
610 1 |a упрочнение 
610 1 |a наноразмерные алмазно-графитовые добавки 
610 1 |a поверхностные слои 
610 1 |a модифицирование 
610 1 |a монографии 
675 |a 621.793.7  |v 3 
675 |a 621.891  |v 3 
701 1 |a Витязь  |b П. А.  |g Петр Александрович 
701 1 |a Жорник  |b В. И.  |g Виктор Иванович 
701 1 |a Белоцерковский  |b М. А.  |g Марат Артемович 
701 1 |a Леванцевич  |b М. А.  |g Михаил Александрович 
712 0 2 |a Национальная академия наук Беларуси (НАНБ, НАН Беларуси)  |b Объединенный институт машиностроения (ОИМ)  |c (Минск)  |2 stltpush  |3 (RuTPU)RU\TPU\col\17002 
801 1 |a RU  |b 63413507  |c 20140314 
801 2 |a RU  |b 63413507  |c 20150616  |g RCR 
942 |c BK 
959 |a 50/20140314  |d 2  |e 498,00  |f ЧЗТЛ:1  |f АНЛ:1